[Event "Elit(Rockaden,Sthlm-Eksjo)"]
[Site "?"]
[Date "2009.10.16"]
[Round "9"]
[White "Berowski, Krum"]
[Black "Thornert, Hakan"]
[Result "1-0"]
[WhiteElo "2312"]
[BlackElo "2208"]
[PlyCount "79"]

1. d4 d5 2. c4 e5 3. dxe5 d4 4. a3 Nc6 5. e3 Nge7 6. Nf3 Bg4 7. Be2 dxe3 8.
Bxe3 Qxd1+ 9. Bxd1 Ng6 10. O-O Ngxe5 11. Nxe5 Nxe5 12. Bxg4 Nxg4 13. Bg5 f6 14.
Re1+ Kf7 15. Bf4 Bc5 16. Bg3 h5 17. h4 f5 18. b4 Bd4 19. Ra2 Rhe8 20. Rf1 c6
21. Kh1 Rad8 22. f3 Ne3 23. Rc1 Be5 24. Bxe5 Rxe5 25. Rd2 Ree8 26. c5 f4 27.
Kh2 Kf6 28. Rxd8 Rxd8 29. Nc3 Ke5 30. Ne4 Rd3 31. Nd6 Rxa3 32. Nxb7 Ra2 33. b5
Rxg2+ 34. Kh1 Rg6 35. Na5 Nd5 36. Nxc6+ Rxc6 37. bxc6 Nc7 38. Rd1 a5 39. Rd7
Nb5 40. Rb7 1-0

[Event "Elit(Rockaden,Sthlm-Eksjo)"]
[Site "?"]
[Date "2009.10.16"]
[Round "1"]
[White "Gustafsson, Fredrik"]
[Black "Lissang, Christopher"]
[Result "1-0"]
[WhiteElo "2148"]
[BlackElo "2310"]
[PlyCount "85"]

1. e4 e5 2. Nc3 Nf6 3. g3 c6 4. Bg2 d5 5. d3 Bb4 6. Bd2 d4 7. Nce2 Bxd2+ 8.
Qxd2 c5 9. h3 Nc6 10. f4 O-O 11. Nf3 Qd6 12. O-O b6 13. Rf2 Nd7 14. Nh4 Ne7 15.
Raf1 f6 16. f5 Ba6 17. g4 c4 18. Nf3 Nc6 19. dxc4 Nc5 20. Ng3 Bxc4 21. Ra1 Rfd8
22. Bf1 Bf7 23. g5 Kf8 24. gxf6 gxf6 25. Rg2 Ke7 26. Bd3 Rg8 27. Kh2 a5 28.
Rag1 Rac8 29. Qh6 Nb4 30. Nh5 Rxg2+ 31. Rxg2 Rg8 32. Rxg8 Bxg8 33. Qg7+ Bf7 34.
Bc4 Nxe4 35. Qxf7+ Kd8 36. Ng7 Nc5 37. Qg8+ Kd7 38. Bb5+ Nc6 39. Qe8+ Kc7 40.
Bxc6 e4+ 41. Kg2 Qf4 42. Ne6+ Nxe6 43. Qd7+ 1-0

[Event "Elit(Rockaden,Sthlm-Eksjo)"]
[Site "?"]
[Date "2009.10.16"]
[Round "1"]
[White "Bryntze, Stefan"]
[Black "Akvist, Hakan"]
[Result "1/2-1/2"]
[WhiteElo "2253"]
[BlackElo "2094"]
[PlyCount "122"]

1. f4 d5 2. e3 g6 3. Nf3 Bg7 4. Be2 c5 5. O-O Nh6 6. Bb5+ Bd7 7. Qe2 O-O 8.
Bxd7 Qxd7 9. d3 Nc6 10. c3 Rad8 11. Nbd2 b6 12. e4 dxe4 13. dxe4 Qd3 14. Qxd3
Rxd3 15. h3 f6 16. Kf2 Nf7 17. Nc4 Nd6 18. Nxd6 Rxd6 19. Be3 Rfd8 20. Ke2 Re6
21. Nd2 Red6 22. Nc4 R6d7 23. a4 Bh6 24. Rad1 Rxd1 25. Rxd1 Rxd1 26. Kxd1 e5
27. g3 Bf8 28. Ke2 Kf7 29. Kf3 Ke6 30. Bf2 Be7 31. Ke2 exf4 32. gxf4 f5 33. Kf3
fxe4+ 34. Kxe4 Bd8 35. Bg3 Be7 36. Bf2 Bd8 37. Be1 Bc7 38. Bf2 Ne7 39. a5 Nd5
40. axb6 axb6 41. Bg3 Ne7 42. Bf2 Nf5 43. b4 b5 44. Na3 Nd6+ 45. Kf3 cxb4 46.
cxb4 Kd5 47. Bc5 Kc6 48. Bxd6 Bxd6 49. Kg4 Be7 50. Nc2 Kd5 51. Na3 Ke4 52. Nxb5
h5+ 53. Kg3 Bxb4 54. Kg2 Kxf4 55. Nd4 Be7 56. Ne2+ Ke3 57. Ng3 h4 58. Nf1+ Ke2
59. Nh2 Bd8 60. Nf3 Bf6 61. Nh2 Bd8 1/2-1/2

[Event "Elit(Wasa-LASK)"]
[Site "?"]
[Date "2009.10.16"]
[Round "1"]
[White "Semcesen, Daniel"]
[Black "Lejlic, Samir"]
[Result "1-0"]
[WhiteElo "2585"]
[BlackElo "2341"]
[PlyCount "79"]

1. d4 d5 2. c4 Bf5 3. cxd5 Bxb1 4. Qa4+ c6 5. dxc6 Nxc6 6. Rxb1 Qxd4 7. Qxd4
Nxd4 8. e3 Nc6 9. Nf3 Rc8 10. a3 e6 11. b4 Bd6 12. Bb2 Nf6 13. Bd3 Ke7 14. Ke2
Rhd8 15. h3 g6 16. g4 h5 17. g5 Ne8 18. Rhc1 Rc7 19. Rc2 Rdc8 20. Rbc1 Nd8 21.
Nd2 Rxc2 22. Rxc2 Rxc2 23. Bxc2 Nc6 24. Be4 Kd7 25. f4 Nc7 26. Nc4 b5 27. Bxc6+
Kxc6 28. Nxd6 Kxd6 29. Be5+ Kc6 30. Bxc7 Kxc7 31. Kd3 Kd6 32. Kd4 h4 33. Ke4 e5
34. f5 a6 35. fxg6 fxg6 36. Kd3 e4+ 37. Kd4 Kd7 38. Kd5 Ke7 39. Ke5 Kf7 40. Kd6
1-0

[Event "Elit(Wasa-LASK)"]
[Site "?"]
[Date "2009.10.16"]
[Round "1"]
[White "Astrom, Goran"]
[Black "Hillarp Persson, Tiger"]
[Result "1-0"]
[WhiteElo "2289"]
[BlackElo "2642"]
[PlyCount "53"]

1. e4 c5 2. Nf3 e6 3. d4 cxd4 4. Nxd4 a6 5. Bd3 Bc5 6. Nb3 Be7 7. Qg4 g6 8. Qe2
d6 9. Na3 Nd7 10. Nc4 b6 11. O-O Bb7 12. a4 Ngf6 13. Bh6 Qc7 14. f4 d5 15. exd5
Nxd5 16. Ne5 Nc5 17. Nxc5 Bxc5+ 18. Kh1 f6 19. Nc4 Kf7 20. f5 exf5 21. Bxf5
Rhe8 22. Qg4 b5 23. Rae1 Rxe1 24. Rxe1 Ne7 25. Bd7 f5 26. Qg5 Be4 27. Rxe4 1-0

[Event "Elit(Wasa-LASK)"]
[Site "?"]
[Date "2009.10.16"]
[Round "1"]
[White "Tikkanen, Hans"]
[Black "Wedberg, Tom"]
[Result "0-1"]
[WhiteElo "2494"]
[BlackElo "2550"]
[PlyCount "78"]

1. d4 Nf6 2. c4 e6 3. Nc3 Bb4 4. Nf3 b6 5. Bg5 Bb7 6. Nd2 h6 7. Bh4 c5 8. d5
exd5 9. cxd5 Qe7 10. Qc2 O-O 11. e4 g5 12. Bg3 d6 13. Be2 Nbd7 14. O-O Ne5 15.
Rae1 Ng6 16. f4 gxf4 17. Bxf4 Nxf4 18. Rxf4 Nd7 19. Ref1 Ne5 20. Nc4 Bc8 21.
Rf6 Nxc4 22. Bxc4 Qe5 23. Qf2 Qd4 24. Nb5 Qxf2+ 25. R6xf2 a6 26. Nxd6 b5 27.
Nxf7 Kg7 28. Be2 c4 29. Kh1 Ra7 30. Bh5 Bd7 31. Rf6 Be8 32. Rg6+ Kh7 33. Rxh6+
Kg7 34. Rg6+ Kh7 35. Ng5+ Kh8 36. Rh6+ Kg8 37. Rxf8+ Bxf8 38. Bxe8 Bxh6 39. Ne6
Re7 0-1

[Event "Elit(Wasa-LASK)"]
[Site "?"]
[Date "2009.10.16"]
[Round "1"]
[White "Hellborg, Teodor"]
[Black "Grandelius, Nils"]
[Result "0-1"]
[WhiteElo "2348"]
[BlackElo "2633"]
[PlyCount "42"]

1. d4 Nf6 2. c4 g6 3. Nc3 d5 4. Bg5 Ne4 5. Bh4 Nxc3 6. bxc3 dxc4 7. e3 Be6 8.
Qb1 c5 9. Qxb7 Bd5 10. Qb5+ Qd7 11. Rb1 Nc6 12. Nf3 cxd4 13. cxd4 a6 14. Qa4
Ne5 15. Qxd7+ Nxd7 16. Kd2 e6 17. Kc3 Be4 18. Ra1 Nb6 19. a4 Nd5+ 20. Kxc4 Rc8+
21. Kb3 Rb8+ 0-1

[Event "Elit(Wasa-LASK)"]
[Site "?"]
[Date "2009.10.16"]
[Round "1"]
[White "Bejtovic, Jasmin"]
[Black "Berkell, Peder"]
[Result "1-0"]
[WhiteElo "2380"]
[BlackElo "2175"]
[PlyCount "123"]

1. e4 e5 2. Nf3 Nc6 3. d4 exd4 4. Nxd4 g6 5. Nxc6 bxc6 6. Nc3 Bg7 7. Bc4 d6 8.
O-O Nf6 9. e5 Ng4 10. e6 f5 11. h3 Nf6 12. Qf3 d5 13. Re1 Bb7 14. e7 Qd7 15.
Bg5 Kf7 16. Na4 Rae8 17. Nc5 Qc8 18. Ne6 Qxe6 19. Rxe6 Kxe6 20. Re1+ Kf7 21.
Bb3 Rxe7 22. Rxe7+ Kxe7 23. Qe3+ Kd7 24. Qxa7 Kc8 25. a4 Re8 26. a5 Re1+ 27.
Kh2 Ra1 28. Qc5 Kd7 29. Qb4 Ba6 30. Qh4 Nh5 31. Qb4 Be5+ 32. f4 Bd6 33. Qd4 Rf1
34. Qh8 Bxf4+ 35. Bxf4 Nxf4 36. Qxh7+ Kd6 37. Qh8 Rf2 38. Qf8+ Kd7 39. Qg7+ Kc8
40. Qf8+ Kb7 41. Qb4+ Kc8 42. Kg3 Rf1 43. Ba4 Ne2+ 44. Kh2 Rf4 45. Qf8+ Kb7 46.
Bxc6+ Kxc6 47. Qa8+ Kb5 48. Qxd5+ Ka4 49. Qc5 Rb4 50. b3+ Ka3 51. c3 Nxc3 52.
Qxc3 Rxb3 53. Qxc7 Ka4 54. Qc6+ Kxa5 55. Qxg6 Bd3 56. h4 Rb4 57. Qf6 Kb5 58. h5
Rg4 59. h6 f4 60. Qd8 Kb4 61. Qxd3 Rh4+ 62. Kg1 1-0

[Event "Elit(Wasa-LASK)"]
[Site "?"]
[Date "2009.10.16"]
[Round "1"]
[White "Lund, Silas"]
[Black "Nordstrom, Felix"]
[Result "1-0"]
[WhiteElo "2450"]
[BlackElo "2161"]
[PlyCount "75"]

1. d4 d5 2. c4 c6 3. Nf3 Nf6 4. e3 e6 5. Nc3 Nbd7 6. Bd3 Bd6 7. e4 dxe4 8. Nxe4
Nxe4 9. Bxe4 O-O 10. O-O h6 11. Bc2 e5 12. Re1 Bb4 13. Qd3 f5 14. Rxe5 Nxe5 15.
Nxe5 Bd6 16. f4 Qc7 17. Be3 Be6 18. Rd1 Rad8 19. Qc3 Rfe8 20. Bf2 a6 21. Qh3
Rf8 22. Bb3 Rfe8 23. Qf3 Be7 24. d5 Bc8 25. d6 Bxd6 26. c5+ Be6 27. cxd6 Rxd6
28. Bc5 Rxd1+ 29. Qxd1 Bxb3 30. Qxb3+ Kh7 31. Qd3 Qc8 32. h3 Qe6 33. b3 g6 34.
Kf2 Kg7 35. Bd4 Kf8 36. Bc3 Ke7 37. Bb4+ Kf6 38. Qc3 1-0

[Event "Elit(Wasa-LASK)"]
[Site "?"]
[Date "2009.10.16"]
[Round "1"]
[White "Collett, Peter"]
[Black "Olsson, Linus"]
[Result "0-1"]
[WhiteElo "2192"]
[BlackElo "2354"]
[PlyCount "50"]

1. d4 d5 2. c4 Nc6 3. Nc3 dxc4 4. Nf3 Nf6 5. Bg5 Nd5 6. e4 Nxc3 7. bxc3 Na5 8.
Bxc4 Nxc4 9. Qa4+ c6 10. Qxc4 f6 11. Bf4 e6 12. O-O Be7 13. Rad1 O-O 14. Rfe1
Kh8 15. d5 cxd5 16. exd5 e5 17. d6 Bxd6 18. Nxe5 fxe5 19. Bxe5 Bxe5 20. Rxd8
Rxd8 21. g4 Bd6 22. Qd4 h6 23. Kg2 Bd7 24. g5 Bc6+ 25. Kf1 Bc7 0-1

[Event "Elit(Limhamn-Rockaden,Umea)"]
[Site "?"]
[Date "2009.10.16"]
[Round "1"]
[White "Eriksson, Jorgen"]
[Black "Brynell, Stellan"]
[Result "0-1"]
[WhiteElo "2314"]
[BlackElo "2565"]
[PlyCount "70"]
[SourceDate "2009.10.20"]

1. d4 e6 2. g3 Nf6 3. Bg2 c5 4. Nf3 d5 5. O-O Nc6 6. c3 Be7 7. dxc5 Bxc5 8. b4
Be7 9. Nbd2 O-O 10. a3 Qc7 11. Qc2 b5 12. e4 Bb7 13. exd5 Nxd5 14. c4 bxc4 15.
Qxc4 Qb6 16. Rb1 Rac8 17. Bb2 Rfd8 18. Qg4 Bf6 19. Nc4 Qb5 20. Nce5 Nxe5 21.
Nxe5 Rc2 22. Bd4 Nc3 23. Bxc3 Bxg2 24. Kxg2 Rxc3 25. Nf3 Rc4 26. a4 Qd5 27. Qh3
Rc3 28. Qg4 Rd3 29. Rfe1 Rd4 30. Qh3 Rc8 31. Re3 Rc2 32. Kg1 Qa2 33. Rbe1 Rxb4
34. Ne5 Bxe5 35. Rxe5 Rxf2 0-1

[Event "Elit(Limhamn-Rockaden,Umea)"]
[Site "?"]
[Date "2009.10.16"]
[Round "1"]
[White "Jepson, Christian"]
[Black "Forsberg, Viktor"]
[Result "1-0"]
[WhiteElo "2445"]
[BlackElo "2362"]
[PlyCount "63"]

1. c4 Nf6 2. Nf3 g6 3. Nc3 Bg7 4. e4 d6 5. d4 O-O 6. Be2 e5 7. d5 Na6 8. Bg5 h6
9. Bh4 g5 10. Bg3 Nxe4 11. Nxe4 f5 12. Nfd2 fxe4 13. Nxe4 Bf5 14. f3 g4 15. O-O
gxf3 16. Bxf3 Qe8 17. Qe2 Qg6 18. Rad1 b6 19. Bh4 Qh7 20. Ng3 Bg6 21. Bh5 Bc2
22. Rd2 Rxf1+ 23. Nxf1 Bb1 24. Qg4 Bf5 25. Bf7+ Kh8 26. Qh5 Nc5 27. Ne3 Bb1 28.
Rf2 Qe4 29. Nf5 Nd7 30. Nxg7 Kxg7 31. Be6 Rf8 32. Rf7+ 1-0

[Event "Elit(Limhamn-Rockaden,Umea)"]
[Site "?"]
[Date "2009.10.16"]
[Round "1"]
[White "Wickstrom, Lucas"]
[Black "Ahlander, Bjorn"]
[Result "1-0"]
[WhiteElo "2284"]
[BlackElo "2533"]
[PlyCount "143"]

1. d4 Nf6 2. c4 e6 3. Nf3 d5 4. Nc3 Be7 5. Bg5 O-O 6. cxd5 exd5 7. e3 c6 8. Qc2
Nbd7 9. Bd3 Re8 10. h3 Nf8 11. O-O-O Be6 12. Kb1 a6 13. Ka1 Rc8 14. Qb1 b5 15.
Rc1 N6d7 16. Bxe7 Qxe7 17. Rhe1 c5 18. e4 dxe4 19. Bxe4 cxd4 20. Nxd4 Qf6 21.
Nxe6 Rxe6 22. Nd5 Qd8 23. Bxh7+ Kh8 24. Bf5 Rxc1 25. Qxc1 Rd6 26. Ne7 Nf6 27.
Qg5 Rd2 28. Nc6 Rd1+ 29. Bb1 Qd3 30. Rxd1 Qxd1 31. Qh4+ N8h7 32. Qd4 Qxd4 33.
Nxd4 g6 34. Nc6 Nd5 35. Nb8 Nc7 36. Be4 Ng5 37. Bb7 a5 38. b3 Nge6 39. Nc6 a4
40. bxa4 bxa4 41. Ne5 Kg7 42. Kb2 Nb5 43. Nd3 Kf6 44. Ba6 Nd6 45. Ka3 Nc7 46.
Nc5 Ke5 47. Kxa4 Kd4 48. Nb3+ Kc3 49. Bf1 Nd5 50. Nc5 Kb2 51. a3 Nc3+ 52. Ka5
Kxa3 53. Kb6 Kb4 54. Kc6 Nde4 55. Nd3+ Kc4 56. Ne5+ Kb4 57. f3 Nd2 58. Bd3 Nd1
59. h4 Ne3 60. g4 Kc3 61. h5 Nxf3 62. Nxf3 Nxg4 63. Bxg6 fxg6 64. hxg6 Kd3 65.
Kd6 Ke4 66. g7 Nh6 67. Nh4 Kf4 68. Ke6 Kg5 69. Nf5 Ng8 70. Kf7 Nf6 71. Ne7 Ng8
72. Nxg8 1-0

[Event "Elit(Limhamn-Rockaden,Umea)"]
[Site "?"]
[Date "2009.10.16"]
[Round "1"]
[White "Schneider, Stefan"]
[Black "Hammar, Ulf"]
[Result "1/2-1/2"]
[WhiteElo "2439"]
[BlackElo "2255"]
[PlyCount "147"]

1. d4 d5 2. c4 c6 3. Nf3 Nf6 4. e3 Bg4 5. h3 Bxf3 6. Qxf3 e6 7. Nc3 Bb4 8. Bd3
Nbd7 9. O-O O-O 10. Rd1 Nb6 11. Qe2 dxc4 12. Bxc4 Nxc4 13. Qxc4 Qe7 14. a3 Ba5
15. b4 Bb6 16. a4 Rfc8 17. Ba3 Nd5 18. Ne4 Bc7 19. b5 cxb5 20. Qxb5 Qh4 21. Qd3
Nf6 22. Nc5 b6 23. Na6 Ne4 24. Qf1 Bd8 25. Rdc1 Be7 26. Nc7 Bxa3 27. Rxa3 Rab8
28. Raa1 Qe7 29. Na6 Ra8 30. f3 Nf6 31. e4 Qd7 32. Qd3 Rxc1+ 33. Rxc1 Qxa4 34.
d5 exd5 35. e5 Nd7 36. Qxd5 Rf8 37. e6 fxe6 38. Qxe6+ Kh8 39. Nc7 Qd4+ 40. Kh1
Qd2 41. Re1 Nc5 42. Qe7 Qd8 43. Nd5 h6 44. Ra1 Qxe7 45. Nxe7 Ra8 46. Nd5 Rd8
47. Nc7 a5 48. Rb1 Rd7 49. Na8 Na4 50. Nxb6 Rb7 51. Rb5 Nxb6 52. Rxa5 Nd7 53.
Kh2 Kh7 54. Ra2 Kg6 55. Kg3 Nf6 56. Kh2 Rb5 57. Rc2 Kg5 58. Rc7 Nh5 59. Rc2 Re5
60. Rf2 Kf6 61. g3 Re3 62. Kg2 Kg6 63. Ra2 Nf6 64. Rd2 Kf5 65. Kf2 Ra3 66. Kg2
Ke5 67. Re2+ Kd4 68. h4 Re3 69. Rd2+ Kc3 70. Ra2 Kd3 71. Ra3+ Kd4 72. Ra7 Re2+
73. Kf1 Rb2 74. Rxg7 1/2-1/2

[Event "Elit(Limhamn-Rockaden,Umea)"]
[Site "?"]
[Date "2009.10.16"]
[Round "1"]
[White "Malmstig, Erik"]
[Black "Penalver, Osmani"]
[Result "1-0"]
[WhiteElo "2296"]
[BlackElo "2279"]
[PlyCount "73"]

1. d4 Nf6 2. Bg5 Ne4 3. Bf4 d5 4. f3 Nf6 5. Nc3 Bf5 6. e3 e6 7. g4 Bg6 8. h4 h5
9. g5 Nfd7 10. Nb5 Na6 11. Qd2 Nb6 12. Qh2 c6 13. Nd6+ Bxd6 14. Bxd6 Nc8 15.
Ba3 b5 16. Qd2 Qb6 17. b3 Nb8 18. Nh3 Nd7 19. Nf4 Bf5 20. Bg2 Qa6 21. Bb4 Qb6
22. a4 Ne7 23. e4 Bg6 24. axb5 Qxb5 25. Bf1 Qb8 26. Bd3 Qb6 27. Qc3 e5 28. Bxe7
Kxe7 29. dxe5 Qe3+ 30. Ne2 Qxf3 31. Rf1 Qh3 32. Qxc6 Qxh4+ 33. Kd1 Rhd8 34.
Qd6+ Ke8 35. e6 dxe4 36. Bb5 Qxg5 37. exd7+ 1-0

[Event "Elit(Limhamn-Rockaden,Umea)"]
[Site "?"]
[Date "2009.10.16"]
[Round "1"]
[White "Holst, Conny"]
[Black "Mardell, Jimmy"]
[Result "1-0"]
[WhiteElo "2275"]
[BlackElo "2228"]
[PlyCount "71"]

1. d4 Nf6 2. c4 e6 3. Nc3 Bb4 4. e3 d5 5. Bd3 O-O 6. Nge2 b6 7. a3 Bxc3+ 8.
bxc3 Bb7 9. cxd5 exd5 10. O-O Nbd7 11. f3 Re8 12. Ng3 c5 13. Ra2 cxd4 14. cxd4
Nf8 15. Kh1 Ne6 16. Raf2 Qc8 17. Nf5 Qd7 18. a4 Bc6 19. Bc2 a5 20. Ba3 g6 21.
Nd6 Reb8 22. e4 Ne8 23. Nxe8 Rxe8 24. e5 Ng7 25. f4 Nf5 26. Rf3 h5 27. Rh3 Kg7
28. g4 Nh6 29. f5 Nxg4 30. f6+ Kg8 31. Bf5 gxf5 32. Qd2 f4 33. Qxf4 Nf2+ 34.
Rxf2 Qxh3 35. Qg5+ Kh8 36. Qg7# 1-0

[Event "Elit(Limhamn-Rockaden,Umea)"]
[Site "?"]
[Date "2009.10.16"]
[Round "1"]
[White "Lindgren, Fredrik"]
[Black "Eklund, Joel"]
[Result "0-1"]
[WhiteElo "2253"]
[BlackElo "2236"]
[PlyCount "106"]

1. f4 d5 2. Nf3 c5 3. e3 e6 4. Be2 Bd6 5. O-O Nc6 6. d3 Qc7 7. Nc3 a6 8. e4
dxe4 9. Nxe4 Be7 10. Be3 b6 11. c3 Nf6 12. Qe1 O-O 13. Nxf6+ Bxf6 14. g4 g6 15.
Nd2 Bg7 16. Bf3 Bb7 17. Ne4 Ne7 18. Bf2 f5 19. Ng5 Bxf3 20. Qxe6+ Kh8 21. Nxf3
fxg4 22. Qxg4 Qxf4 23. Qxf4 Rxf4 24. Bg3 Rf5 25. Rae1 Nd5 26. Ne5 Rxf1+ 27.
Rxf1 Re8 28. Re1 Kg8 29. Nd7 Rxe1+ 30. Bxe1 Kf7 31. Bg3 Ke6 32. Nb8 a5 33. Nc6
Bf6 34. Kf2 h5 35. Kf3 Kf5 36. a3 g5 37. h3 g4+ 38. hxg4+ hxg4+ 39. Kf2 Nf4 40.
Ke3 Nd5+ 41. Kf2 Nf4 42. Ke3 Bg5 43. d4 Nh5+ 44. Kf2 Nxg3 45. Kxg3 Bf4+ 46. Kf2
cxd4 47. Nxd4+ Ke4 48. Nb5 a4 49. Kg2 Kd3 50. Nd4 Bc1 51. Nc6 Bxb2 52. Ne5+
Kxc3 53. Nd7 b5 0-1

[Event "Elit(Limhamn-Rockaden,Umea)"]
[Site "?"]
[Date "2009.10.16"]
[Round "1"]
[White "Tadjerbashi, Amir"]
[Black "Nygren, David"]
[Result "1/2-1/2"]
[WhiteElo "2239"]
[BlackElo "2210"]
[PlyCount "94"]

1. e4 e6 2. d4 d5 3. Nd2 c5 4. exd5 Qxd5 5. Ngf3 cxd4 6. Bc4 Qd6 7. O-O Nf6 8.
Nb3 Nc6 9. Nbxd4 Nxd4 10. Nxd4 a6 11. Bb3 Qc7 12. Qf3 Bd6 13. h3 O-O 14. Bg5
Nd7 15. c3 b5 16. Bc2 Bb7 17. Qh5 g6 18. Qh4 Bh2+ 19. Kh1 Be5 20. Rad1 Rfe8 21.
f4 Bg7 22. a3 Rac8 23. Rf2 Nc5 24. Re2 f5 25. Qe1 Ne4 26. Bxe4 fxe4 27. Qh4 Qf7
28. Nc2 Bd5 29. Ne3 Bb3 30. Rdd2 Bc4 31. Re1 Bd3 32. Ng4 Rc5 33. Nh6+ Bxh6 34.
Qxh6 e5 35. fxe5 Rcxe5 36. Qh4 Rf5 37. Be3 Rf8 38. Qg3 Rf1+ 39. Rxf1 Qxf1+ 40.
Kh2 Qf5 41. Bh6 Re8 42. Rf2 Qc8 43. Qg5 Qd8 44. Qc5 Bc4 45. Kh1 Qd1+ 46. Kh2
Qd8 47. Kh1 Qd1+ 1/2-1/2

[Event "Elit(Vasteras-Limhamn)"]
[Site "?"]
[Date "2009.10.17"]
[Round "2"]
[White "Ahlander, Bjorn"]
[Black "Akesson, Ralf"]
[Result "1/2-1/2"]
[WhiteElo "2533"]
[BlackElo "2504"]
[PlyCount "39"]
[SourceDate "2009.10.20"]

1. d4 Nf6 2. c4 e6 3. Nc3 Bb4 4. e3 c5 5. Bd3 Nc6 6. Nf3 Bxc3+ 7. bxc3 d6 8.
O-O e5 9. e4 h6 10. dxc5 dxc5 11. Ne1 Nxe4 12. Be3 Nf6 13. Bxc5 Be6 14. Nc2 Qc7
15. Ne3 Rd8 16. Qb1 Qa5 17. Bb4 Nxb4 18. cxb4 Qa3 19. Bf5 Bxf5 20. Qxf5 1/2-1/2

[Event "Elit(Vasteras-Limhamn)"]
[Site "?"]
[Date "2009.10.17"]
[Round "2"]
[White "Sjodahl, Pontus"]
[Black "Brynell, Stellan"]
[Result "0-1"]
[WhiteElo "2488"]
[BlackElo "2565"]
[PlyCount "62"]

1. d4 e6 2. c4 Nf6 3. g3 c5 4. Nf3 cxd4 5. Nxd4 d5 6. Bg2 e5 7. Nb3 d4 8. O-O
Nc6 9. e3 Bg4 10. f3 Be6 11. exd4 exd4 12. Bg5 Be7 13. N1d2 O-O 14. Bxf6 Bxf6
15. Nc5 Bf5 16. g4 Qe7 17. Nde4 Bxe4 18. Nxe4 Rad8 19. Qb3 d3 20. Rad1 Bd4+ 21.
Kh1 Ne5 22. g5 Qc7 23. f4 Ng6 24. f5 Nf4 25. Ng3 b6 26. Be4 Rfe8 27. Bd5 Re2
28. Rxf4 Rxd5 29. cxd5 Qxf4 30. Qxd3 Rxb2 31. d6 Qf2 0-1

[Event "Elit(Vasteras-Limhamn)"]
[Site "?"]
[Date "2009.10.17"]
[Round "2"]
[White "Jepson, Christian"]
[Black "Norberg, Johan"]
[Result "1-0"]
[WhiteElo "2445"]
[BlackElo "2333"]
[PlyCount "49"]

1. d4 d6 2. e4 Nf6 3. Nc3 g6 4. Nf3 Bg7 5. Be2 O-O 6. O-O c6 7. Re1 Nbd7 8. a4
e5 9. dxe5 dxe5 10. Nd2 Qc7 11. Nc4 Rd8 12. Qd6 Qxd6 13. Nxd6 Nc5 14. Be3 Ne6
15. Nxc8 Rdxc8 16. Rad1 Bf8 17. Bc4 Re8 18. f3 a6 19. Bxe6 Rxe6 20. Bb6 Bd6 21.
Re2 Kf8 22. a5 Ke7 23. Na4 Nd7 24. Bf2 Bb4 25. Rxd7+ 1-0

[Event "Elit(Vasteras-Limhamn)"]
[Site "?"]
[Date "2009.10.17"]
[Round "2"]
[White "Nilsson, Andre"]
[Black "Schneider, Stefan"]
[Result "0-1"]
[WhiteElo "2328"]
[BlackElo "2439"]
[PlyCount "96"]

1. g3 d5 2. Bg2 Nf6 3. Nf3 c6 4. O-O Bg4 5. h3 Bh5 6. d3 Nbd7 7. c4 e6 8. b3
Bd6 9. Bb2 O-O 10. Qc2 Qe7 11. e4 dxe4 12. dxe4 Bxf3 13. Bxf3 Be5 14. Nc3 Bd4
15. Rad1 e5 16. Ne2 Bxb2 17. Qxb2 Nc5 18. Nc3 Ne6 19. Bg2 Rfd8 20. Ne2 Qc5 21.
Qa1 a5 22. Rxd8+ Rxd8 23. Rd1 Ra8 24. Nc3 Nd4 25. Qb2 Rd8 26. Na4 Qe7 27. Kh1
h5 28. Qd2 Ne6 29. Qe1 h4 30. Kh2 Qc7 31. Nc3 Nc5 32. Qe3 Rxd1 33. Nxd1 Qd6 34.
Nc3 hxg3+ 35. fxg3 Qd4 36. Qxd4 exd4 37. Ne2 d3 38. Nc3 d2 39. e5 Nfd7 40. Kg1
Nxe5 41. Kf2 a4 42. Ke3 axb3 43. axb3 Nxb3 44. Bf1 Kf8 45. Ke2 Nxc4 46. Kd3 b5
47. Nd1 Ke7 48. Kc3 Nba5 0-1

[Event "Elit(Vasteras-Limhamn)"]
[Site "?"]
[Date "2009.10.17"]
[Round "2"]
[White "Penalver, Osmani"]
[Black "Eriksson, Anders"]
[Result "1-0"]
[WhiteElo "2279"]
[BlackElo "2402"]
[PlyCount "57"]

1. d4 Nf6 2. c4 e6 3. Nc3 Bb4 4. f3 d5 5. a3 Bxc3+ 6. bxc3 c5 7. cxd5 Nxd5 8.
Qd3 O-O 9. e4 Ne7 10. Be3 Qa5 11. dxc5 Na6 12. Kf2 Nxc5 13. Qd6 Nb3 14. Rb1
Qxc3 15. Ne2 Qc2 16. Rxb3 Qxb3 17. Qxe7 b6 18. h4 Ba6 19. Bd4 f6 20. e5 Qd5 21.
exf6 Rf7 22. Qb4 e5 23. Be3 gxf6 24. Nc3 Qb7 25. Nb5 Rc8 26. Nd6 Rc2+ 27. Kg3
Qxf3+ 28. gxf3 Rg7+ 29. Bg5 1-0

[Event "Elit(Vasteras-Limhamn)"]
[Site "?"]
[Date "2009.10.17"]
[Round "2"]
[White "Norberg, Erik"]
[Black "Holst, Conny"]
[Result "1/2-1/2"]
[WhiteElo "2263"]
[BlackElo "2275"]
[PlyCount "83"]

1. c4 Nf6 2. Nc3 g6 3. g3 Bg7 4. Bg2 O-O 5. e4 d6 6. Nge2 e5 7. O-O Nc6 8. d3
h6 9. f4 exf4 10. Bxf4 g5 11. Bc1 Ne5 12. Nd4 Bg4 13. Qc2 c6 14. Be3 Nfd7 15.
h3 Be6 16. Nf5 Bxf5 17. Rxf5 Qe7 18. Raf1 Nc5 19. Rd1 a5 20. Qe2 Ng6 21. Qh5
Nd7 22. Rdf1 Nge5 23. Qe2 Ng6 24. Bf3 Nf6 25. Qd2 Ne5 26. Bd1 Ned7 27. Bc2 Ne5
28. b3 Nfd7 29. d4 Ng6 30. h4 gxh4 31. Bxh6 hxg3 32. Rh5 Nf6 33. Rh3 Ng4 34.
Bxg7 Kxg7 35. Bd1 Rh8 36. Bxg4 Rxh3 37. Bxh3 Qh4 38. Qg2 Rh8 39. Ne2 Qxh3 40.
Nxg3 Qxg2+ 41. Kxg2 Kf8 42. Kf3 1/2-1/2

[Event "Elit(Vasteras-Limhamn)"]
[Site "?"]
[Date "2009.10.17"]
[Round "2"]
[White "Tadjerbashi, Amir"]
[Black "Sandberg, Richard"]
[Result "1/2-1/2"]
[WhiteElo "2239"]
[BlackElo "2265"]
[PlyCount "135"]

1. e4 d6 2. d4 Nf6 3. Nc3 g6 4. g3 Bg7 5. Bg2 O-O 6. h3 Nbd7 7. Nge2 c5 8. O-O
Rb8 9. a4 b6 10. Bg5 cxd4 11. Nxd4 Bb7 12. Qd2 a6 13. Rfe1 Re8 14. Rad1 Qc8 15.
Kh2 Ne5 16. b3 Nc6 17. Nde2 Nb4 18. Rc1 Qc7 19. Nd4 Rbc8 20. Ncb5 axb5 21. Nxb5
Qc5 22. Be3 Qh5 23. Qxb4 Ng4+ 24. Kg1 Nxe3 25. Rxe3 Rxc2 26. Rxc2 Qd1+ 27. Bf1
Qxc2 28. Na3 Qd1 29. Re1 Qd4 30. Qxd4 Bxd4 31. Nb5 Bc5 32. Bg2 Rc8 33. Re2 Bb4
34. Kh2 Rc5 35. h4 Ba6 36. Ra2 Bxb5 37. axb5 Rxb5 38. Ra8+ Kg7 39. Bf1 Ra5 40.
Rb8 Bc5 41. b4 Bxb4 42. Rxb6 Bc5 43. Rb2 Kf6 44. Rd2 h6 45. Bg2 g5 46. hxg5+
hxg5 47. Bf3 Kg6 48. Re2 Bd4 49. Kg2 e6 50. Rd2 Be5 51. Rc2 Ra8 52. Rd2 Rb8 53.
Rc2 f5 54. exf5+ Kxf5 55. Rd2 Rb4 56. Bd1 Bd4 57. Re2 d5 58. Bc2+ Kf6 59. Bd1
e5 60. Rc2 Rb6 61. Rd2 Ke6 62. Bg4+ Kd6 63. f4 Be3 64. fxe5+ Kxe5 65. Ra2 Kd4
66. Kf1 Rf6+ 67. Ke1 Rh6 68. Ra4+ 1/2-1/2

[Event "Elit(Vasteras-Limhamn)"]
[Site "?"]
[Date "2009.10.17"]
[Round "2"]
[White "Janse, Rasmus"]
[Black "Eklund, Joel"]
[Result "0-1"]
[WhiteElo "2256"]
[BlackElo "2236"]
[PlyCount "66"]

1. d4 Nf6 2. c4 c5 3. d5 e6 4. Nc3 exd5 5. cxd5 d6 6. e4 g6 7. f4 Bg7 8. Bb5+
Nfd7 9. a4 O-O 10. Nf3 Na6 11. O-O Nc7 12. Bd3 a6 13. g4 Rb8 14. Qe2 Re8 15. g5
b5 16. axb5 c4 17. Bxc4 axb5 18. Bd3 b4 19. Na4 Nxd5 20. f5 gxf5 21. Qc2 b3 22.
Qb1 Nb4 23. exf5 Ne5 24. Nxe5 Bxe5 25. f6 Bd4+ 26. Kg2 Bb7+ 27. Kg3 Be5+ 28.
Kh3 Nxd3 29. Qxd3 Qd7+ 30. Kh4 Bc6 31. Nc3 Rb4+ 32. Kh5 Qg4+ 33. Kh6 Qh4# 0-1

[Event "Elit(Rockaden,Umea-Wasa)"]
[Site "?"]
[Date "2009.10.17"]
[Round "2"]
[White "Hellborg, Teodor"]
[Black "Forsberg, Viktor"]
[Result "1-0"]
[WhiteElo "2348"]
[BlackElo "2362"]
[PlyCount "115"]
[SourceDate "2009.10.20"]

1. d4 Nf6 2. c4 g6 3. Nc3 Bg7 4. e4 d6 5. Be2 O-O 6. Nf3 e5 7. O-O Nc6 8. d5
Ne7 9. Nd2 a5 10. a3 Bd7 11. Ra2 Ne8 12. b4 axb4 13. axb4 Rxa2 14. Nxa2 f5 15.
Nc3 Nf6 16. c5 Qb8 17. Qb3 fxe4 18. Ndxe4 Nf5 19. Qa2 Nd4 20. Bc4 Nxe4 21. Nxe4
Bf5 22. Ng5 b5 23. cxb6 Qxb6 24. Bd2 Re8 25. Rc1 h6 26. Ne6 Bxe6 27. dxe6 c6
28. Qa5 Qb7 29. Be3 d5 30. Bxd4 exd4 31. Ba6 Qa8 32. Bd3 Qb7 33. Ba6 Qa8 34.
Bd3 Qb7 35. Re1 Bf8 36. b5 cxb5 37. Bxb5 Re7 38. Qa4 Qb6 39. Bd7 Qd6 40. g3 Bg7
41. Kg2 Kh7 42. Qb3 Qc5 43. Rb1 h5 44. Qf3 Qc2 45. Rb3 Qe4 46. h4 Bh6 47. Rb5
Bd2 48. Rxd5 Qxf3+ 49. Kxf3 Bc3 50. Rb5 Kg7 51. Ke4 Kf6 52. Rb8 Rg7 53. f4 Be1
54. Rb3 Bf2 55. Kd5 Ke7 56. Ke5 d3 57. Rxd3 Rg8 58. Ba4 1-0